000 00473nam a2200181Ia 4500
005 20250326124851.0
008 250326s9999 xx 000 0 und d
037 _aTextbook
040 _aFMSL
_beng
_cFMSL
041 _aeng
_2eng
084 _aX:8D L13
_qFMSL
100 _aBrigham E F
245 0 _aReadings in managerial fice
_cBrigham E F
260 _aUSA
_bUSA, Dryden
_c1971
300 _a381p
942 _cTB
_hX:8D L13
999 _c1275565
_d1275565